Statistics for Red Hot Chili Peppers Track & Album List (as of 2022)

Click here to take the quiz!

General Stats

  • This quiz has been taken 22 times
    (19 since last reset)
  • The average score is 90 of 245

Answer Stats

HintTitleYear of release% Correct
10 | AlbumBlood Sugar Sex Magik1991
89%
6 | AlbumCalifornication1999
89%
6 | 17 | AlbumFreaky Styley1985
89%
10 | AlbumOne Hot Minute1995
89%
1 | AlbumBy the Way2002
78%
7If
78%
AlbumMother's Milk1989
78%
4 | AlbumStadium Arcadium2006
78%
1 | AlbumThe Getaway2016
78%
AlbumThe Red Hot Chili Peppers1984
78%
AlbumThe Uplift Mofo Party Plan1987
78%
1True Men Don't Kill Coyotes
78%
11Under the Bridge
78%
2Baby Appeal
67%
3Breaking the Girl
67%
1Dani California
67%
9Give It Away
67%
2Higher Ground
67%
AlbumI'm With You2011
67%
6 | 15Knock Me Down
67%
7Mommy, where's Daddy?
67%
4My Friends
67%
AlbumReturn of the Dream Canteen2022
67%
16Sir Psycho Sexy
67%
Single release (motion picture soundtrack)Soul to Squeeze1991
67%
5Suck My Kiss
67%
12Tear
67%
AlbumUnlimited Love2022
67%
1Warped
67%
2Aeroplane
56%
13Apache Rose Peacock
56%
1Around the World
56%
3Buckle Down
56%
7Can't Stop
56%
11Catholic School Girls Rule
56%
3Charlie
56%
5Coffee Shop
56%
6
Pea
56%
4Dosed
56%
5Get on Top
56%
15 (Demo Version) | 6Green Heaven
56%
3 | 14Me and My Friends
56%
7Mellowship Slinky in B Major
56%
7One Big Mob
56%
4Otherside
56%
14 (Demo Version) | 8Out in L.A.
56%
10Pretty Little Ditty
56%
13Purple Stain
56%
3Scar Tissue
56%
6She's Only 18
56%
2Snow (Hey Oh)
56%
8Stone Cold Bush
56%
11Storm in a Teacup
56%
1The Power of Equality
56%
17They're Red Hot
56%
6The Zephyr Song
56%
2Universally Speaking
56%
16Venice Queen
56%
8Walkabout
56%
6 | 13Behind the Sun
44%
18 (Bonus Track) | 19 (Bonus Track)Castles Made of Sand
44%
2Dark Necessities
44%
14Death of a Martian
44%
3Deep Kick
44%
4
Backwoods
44%
1
Monarchy of Roses
44%
5Don't Forget Me
44%
7Easily
44%
9Emit Remmus
44%
9Fire
44%
4Funky Monks
44%
12 (Demo Version) | 4Get Up and Jump
44%
1Good Time Boys
44%
2Hollywood (Africa)
44%
6I Could Have Lied
44%
2If You Have to Ask
44%
1Jungle Man
44%
4Magic Johnson
44%
14Minor Thing
44%
15My Lovely Man
44%
12Naked in the Rain
44%
2Parallel Universe
44%
13 (Demo Version) | 9Police Helicopter
44%
8Porcelain
44%
12 | 16Sexy Mexican Maid
44%
7Slow Cheetah
44%
3Subway to Venus
44%
9Tearjerker
44%
14The Greeting Song
44%
11This Velvet Glove
44%
13Transcending
44%
13Wet Sand
44%
3American Ghost Dance
33%
7Blackeyed Blonde
33%
11Cabron
33%
1Desecration Smile
33%
8
Make You Feel Better
33%
12
We Believe
33%
13Dreams of a Samurai
33%
11Falling into Grace
33%
1Fight Like a Brave
33%
2Funky Crime
33%
11Grand Pappy du Plenty
33%
3Hard to Concentrate
33%
14Hey
33%
5Hump de Bump
33%
10I Like Dirt
33%
13Johnny, Kick a Hole in the Sky
33%
Disc 1Jupiter
33%
18 (Bonus Track)Little Miss Lover
33%
Disc 2Mars
33%
9Midnight
33%
5 | 15Nevermind
33%
13On Mercury
33%
8Party on Your Pussy
33%
14Right on Time
33%
15Road Trippin'
33%
12Savior
33%
12 | 16Sex Rap
33%
12Shallow Be Thy Game
33%
7Subterranean Homesick Blues
33%
7Taste the Pain
33%
7The Adventures of Rain Dance Maggie
33%
8The Righteous & the Wicked
33%
13Thirty Dirty Birds
33%
3This Is the Place
33%
10Throw Away Your Television
33%
8Torture Me
33%
15Warm Tape
33%
5Why Don't You Love Me
33%
14Yertle the Turtle
33%
10You Always Sing the Same
33%
9Animal Bar
22%
13Bag of Grins
22%
9Battle Ship
22%
6Bella
22%
1Black Summer
22%
3Brendan's Death Song
22%
9Detroit
22%
8Did I Let You Know
22%
10
Shoot Me a Smile
22%
4Eddie
22%
11Encore
22%
10Especially in Michigan
22%
4Ethiopia
22%
2Factory of Faith
22%
7Go Robot
22%
8I Could Die for You
22%
4If You Want Me to Stay
22%
14La La La La La La La La
22%
6Look Around
22%
10Lovin' and Touchin'
22%
12Organic Anti-Beat Box Band
22%
11Police Station
22%
5Poster Child
22%
11Punk Rock Classic
22%
18 (Bonus Track)Quixoticelixer
22%
5She Looks to Me
22%
5Skinny Sweaty Man
22%
10So Much I
22%
17Tangelo
22%
2Tell Me Baby
22%
8The Brothers Cup
22%
16The Heavy Wing
22%
4The Longest Wave
22%
14Veronica
22%
11Warlocks
22%
12White Braids & Pillow Chair
22%
421st Century
11%
9Afterlife
11%
5Annie Wants a Baby
11%
3Aquatic Mouth Dance
11%
11Bastards of Light
11%
18 (Bonus Track)Bicycle Song
11%
14Dance, Dance, Dance
11%
13
One Way Traffic
11%
3
Reach Out
11%
8
She's a Lover
11%
6
Sick Love
11%
12Even You Brutus?
11%
5Fake as Fu@k
11%
16 (Bonus Track)Fat Dance
11%
5Goodbye Angels
11%
17In the Snow
11%
7It's Only Natural
11%
15Let 'Em Cry
11%
11Love Trilogy
11%
13Meet Me at the Corner
11%
8My Cigarette
11%
18 (Bonus Track)Nerve Flip
11%
5Nobody Weird Like Me
11%
9No Chump Love Sucker
11%
2Peace and Love
11%
7Roulette
11%
17 (Demo)Salute to Kareem
11%
14 (Demo)Song That Made Us What We Are Today
11%
9Strip My Mind
11%
12The Drummer
11%
6The Great Apes
11%
12The Hunter
11%
9These Are the Ways
11%
18 (Bonus Track)The Shape I'm Takin'
11%
1Tippa My Tongue
11%
13Turn It Again
11%
10Walkin'on Down the Road
11%
10Whatchu Thinkin'
11%
16 (Bonus Track)Bob
0%
16Carry Me Home
0%
12C'mon Girl
0%
15Copperbelly
0%
19 (Bonus Track)Crosstown Traffic
0%
8
Feasting on the Flowers
0%
9
Goodbye Hooray
0%
10
This Ticonderoga
0%
11Handful
0%
10Happiness Loves Company
0%
2Here Ever After
0%
14Let's Make Evil
0%
18Millionaires Against Hunger
0%
4Not the One
0%
17 (Bonus Track)Over Funk
0%
6Readymade
0%
17 (Bonus Track)Runaway
0%
15 (Bonus Track)Stretch You Out
0%
3We Turn Red
0%
16 (Demo Version)What It Is (AKA Nina's Song)
0%

Score Distribution

Percentile by Number Answered

Percent of People with Each Score

Your Score History

You have not taken this quiz since the last reset